000 00404nam a2200169 a 4500
001 30661
005 20180713233922.0
008 140415d 000 0 spa d
020 _aNOINCLUYE
041 _aspa
082 _a658
100 1 _aANFECA
245 1 0 _aNORMAS DE INFORMACION FINANCIERA
250 _a1ª EDICIÓN
260 _a[s.l.] :
_bANFECA,
_c[s.f.]
520 _aRP
999 _c30661
_d30661